000 00218nam a2200109Ia 4500
100 _a#N/A
942 _cBK
654 _aembedded
245 _aEmbedded C Programming and Atmel AVR
260 _b#N/A
546 _aENGLISH
999 _c33012
_d33012